000 00844nam a2200205 i 4500
001 108021
003 ES-MaACL
007 t|
008 070110s1944 sp ||||1| spa d
100 1 _aCavestany, Julio.
_937193
245 1 3 _aEl arte industrial de los juguetes españoles /
_cpor Julio Cavestany, Marqués de Moret.
260 _aMadrid :
_bPublicaciones de la Escuela de Artes y Oficios Artísticos de Madrid,
_c1944.
300 _a33 p., 4 lám. ;
_c20 cm.
490 1 _aPublicaciones de la Escuela de Artes y Oficios Artísticos de Madrid ;
_v18
650 1 4 _aJuguetes-
_zEspaña-
_vHistoria.
_914024
710 2 _aEscuela de Artes y Oficios Artísticos (Madrid)
_93524
830 0 _aPublicaciones de la Escuela de Artes y Oficios Artísticos de Madrid ;
_v18
_9185495
852 _aES-MaACL
_jE-4427
_bR.21465
999 _c108021
_d108021